| 000 | 00629cam a22002291 4500 | ||
|---|---|---|---|
| 001 | he 68001879 | ||
| 003 | DLC | ||
| 005 | 20260227111500.0 | ||
| 008 | 840125s1968 is abc 000 0 heb | ||
| 010 | _ahe 68001879 | ||
| 035 | _a(OCoLC)19145459 | ||
| 040 |
_aDLC _cMH _dCU _dDLC |
||
| 042 | _apremarc | ||
| 043 | _aa-is--- | ||
| 050 | 0 | 0 |
_aDS110.M5 _bI4 |
| 100 | 1 |
_aIlan, Zvi, _d1936- |
|
| 245 | 1 | 0 |
_aLi-Metsadah be-ʻiḳvot ha-ḳanaʼim / _cTsevi Ilan. |
| 260 |
_aTel Aviv : _bY. Śreberḳ, _c[1968] |
||
| 300 |
_a107 p. : _bill., maps, ports. ; _c23 cm. |
||
| 651 | 0 | _aMasada Site (Israel) | |
| 752 |
_aIsrael _dTel Aviv |
||
| 999 |
_c33428 _d33428 |
||